00720nam a22001937a 4500999001900000005001700019010001500036020002600051035001400077037001500091082001600106100001700122245007900139260003400218270009600252300002200348942003000370952012600400 c192321d19232120220919124039.0 aENG-135122 a9789387253070c180.00 aEN-118654 bDBAD / PUB a352.0070954 aPankaj Singh aRural Local Goverrnment in India:bA Study of panchayat raj/cPankaj singh aAllahabad bKitab Mahalc2018 a18-B Nyaya Marg,Ashok NagarbAllahabade211001k0532-2424154minfo@kitabmahalpublishers.com a200p. c21cm(pbk) 2ddccENmPANh352.0070954 001040708NFICaBNbBNd2022-09-19eDBAD/PUBg180.00l0o352.0070954 PANpEN-118654r2022-09-19 00:00:00t1v180.00yEN